Score 0/16 Timer 02:00
0 Plays Today
Movie Title & Year Missing word % Correct
________ Kong (2005)King
97.5%
Kung Fu ________ (voice) (2008)Panda
97.3%
________ of Rock (2003)School
93.5%
________ Age (voice) (2002)Ice
88.2%
Nacho ________ (2006)Libre
84.5%
Shallow ________ (2001)Hal
82.9%
Shark ________ (voice) (2004)Tale
80.1%
________ Travels (2010)Gulliver's
76.2%
Movie Title & Year Missing word % Correct
________ Fidelity (2000)High
75.1%
Be ________ Rewind (2008)Kind
74.9%
________ Thunder (2008)Tropic
74.5%
Cradle Will ________ (1999)Rock
70.6%
Year ________ (2009)One
67.4%
________ D (2006)Tenacious
60.2%
Margot at the ________ (2007)Wedding
16.3%
Melvin Goes to ________ (2003)Dinner
4.8%

Today's Daily Dose

Missing Word
'T' Pairs

Word Ladder
Game Pieces

Get the Picture
Baseball Movies

Remove Ads.
Support Sporcle.
Get the best of Sporcle when you Go Orange. This ad-free experience offers more features, more stats, and more fun while also helping to support Sporcle. Thank you for becoming a member.

You're not logged in!

Compare scores with friends on all Sporcle quizzes.
OR
Log In

Show Comments

Extras

Top Quizzes Today


Score Distribution

Your Account Isn't Verified!

In order to create a playlist on Sporcle, you need to verify the email address you used during registration. Go to your Sporcle Settings to finish the process.

Report this User

Report this user for behavior that violates our Community Guidelines.

Details: